Medical Vocabulary #9 - Statistics

General Stats
  • This quiz has been taken 458 times
  • The average score is 16 of 25
Answer Stats
Hint Answer % Correct
The thick bone that protects the knee joint; also known as the kneecap. patella
85%
Non-REM sleep, in which thinking and most physiological activities slow, but movement still occurs. quiet sleep
84%
Pertaining to the heart and blood vessels. cardiovascular
83%
A mineral that protects teeth from decay and cavities. fluoride
82%
A thin, flexible tube equipped with a light and camera that is used to see inside an organ or body cavity. endoscope
80%
The use of a machine to remove wastes and impurities from the blood when the kidneys are not working properly. hemodialysis
79%
An instrument with a light and mirrors for examining the deep interior of the eye. ophthalmoscope
78%
A rhythmic, quivering movement of muscles that can be caused by diseases such as Parkinson disease, side effects of medication, or old age. tremor
77%
The popular term for muscle and ligament damage resulting from rapid and extreme extension and flexion of the neck. whiplash
76%
Small veins. venules
74%
The premature death of living cells or tissues. necrosis
73%
Substances produced when the body burns fat for energy or when the body doesn’t have enough insulin. ketones
69%
Swelling of the membranes that cover and protect the brain and spinal cord. meningitis
69%
A description of vaccines containing microbes that have been killed, and, therefore, are unable to cause disease. inactivated
68%
A noncancerous tumor or growth composed of fat cells. lipoma
67%
The sudden and uncontrollable need to urinate or defecate. urgency
67%
Structures on the outside of a cell membrane that permit attachment of specific chemicals. receptors
65%
An enlarged thyroid gland that creates a lump in the neck. goiter
61%
Clusters of nerve cells deep in the brain that play an important role in movement. basal ganglia
52%
An herbal product or tea made by boiling a plant in water. decoction
50%
Blood poisoning; a condition in which disease-causing organisms have spread to the bloodstream from an infection elsewhere in the body. septicemia
43%
The automatic adjustment of the focus of the eye by flattening or thickening of the lens. accommodation
41%
The destruction or infection of tissues by disease-causing organisms, usually accompanied by a fever. sepsis
39%
Thin, gelatinous ligaments that attach the lens of the eye to the ciliary body and support the lens centrally behind the pupil. zonules
28%
A yellow, lipid-laden deposit in the skin or on a tendon. xanthoma
23%
No matching quizzes found
Score Distribution
Percent of People with Each Score
Percentile by Number Answered
Your Score History
You have not taken this quiz